இரண்டாம் மொழி சிங்களம் தரம் 02
Saved in:
| Main Author: | |
|---|---|
| Format: | Book |
| Language: | English |
| Published: |
கொழும்பு
றீட்மோ பப்பிளிகேசன்
2024
|
| Tags: |
Add Tag
No Tags, Be the first to tag this record!
|
MARC
| LEADER | 00000nam a22000007a 4500 | ||
|---|---|---|---|
| 005 | 20260105085108.0 | ||
| 008 | 260105b |||||||| |||| 00| 0 eng d | ||
| 020 | |a 9789557061139 | ||
| 082 | |a 491.48 |b ஹகம் | ||
| 100 | |a ஹகம் | ||
| 245 | |a இரண்டாம் மொழி சிங்களம் தரம் 02 |c ஏ.ஜே.ஏ.ஹகம் | ||
| 260 | |a கொழும்பு |b றீட்மோ பப்பிளிகேசன் |c 2024 | ||
| 300 | |a 96 | ||
| 942 | |c BK | ||
| 999 | |c 16542 |d 16542 | ||